LDR 00949nam a2200241 i 4500 001 000000193200 003 CaOOAMICUS 005 20260528143014.0 008 101015s1988 gw u000 u ger u 013 $a171840 020 $a3-402-03347-X 040 $aSeMil$bita 245 10$a5. 260 $aMünster :$bAschendorff,$c1988. 300 $a168 p., [3] carte di tav. :$bill. ;$c23 cm. 773 0 $tKatholische Theologen der Reformationszeit.$dMünster : Aschendorff, 1984-1988.$kKatholisches Leben und Kirchenreform im Zeitalter der Glaubensspaltung$g5$w()23872 850 $aSeMil 852 $aSeMil$W1$xVenegono$y1$m2B IV 422$j272735$B143774$CSeMilBibl$Z2$F155259 $81 961 $aAcquisto: Casa editrice 996 $6020$a3-402-03347-X$9(OLS)http://semarc/number/3300 996 $6245$a5$9(OLS)http://semarc/title/57540 996 $6260$aMünster :$bAschendorff$9(OLS)http://semarc/publisher/29674